000
00205 a2200097 4500
001
43465
100
_a
Shakspeare
245
_a
Hamlet:
260
_a
London
_b
Edward Arnold & Co.
_c
090
_c
27287
_d
27287
942
_a
NUST-CAE
_c
M
_c
19210
999
_c
278538
_d
278538